000
003110000a22001450004500
003
MACL
040
_a
MACL
090
_c
33778
_d
33776
100
_a
Tennick, Arthur
245
_a
Visual Basic 4
260
_b
BP B Publications
_c
1996
350
_a
150
650
_a
Computer probraming
942
_c
BOOK
_k
005/ten
999
_c
33424
_d
33424